000 00326nam a2200133Ia 4500
008 100328s9999 xx 000 0 und d
082 _b17548
100 _aगुलजार
245 _aआनंद
260 _bशिक्षा भारती
630 _aआनंद
730 _aआनंद
942 _cBOOK
999 _c512108
_d512105